Les Jeunes Vietnamiens de la deuxieme generation : la semi-rupture au quotidien

Αποθηκεύτηκε σε:
Λεπτομέρειες βιβλιογραφικής εγγραφής
Άλλοι συγγραφείς: Le, Huu Khoa, Ly, Thong
Μορφή: Βιβλίο
Γλώσσα:French
Δημοσίευση: Paris : C.I.E.M.I., L'Harmattan, c1987
Σειρά:Migrations et changements ; ; 14
Θέματα:
Ετικέτες: Προσθήκη ετικέτας
Δεν υπάρχουν, Καταχωρήστε ετικέτα πρώτοι!

MARC

LEADER 00000nam a2200000 i 4500
001 1/67364
008 931101s1987 fre d
020 |a 2-85802-880-X 
035 |l 10001886 
040 |a GR-MY-UA  |b gre  |e aacr 
041 0 |a fre 
082 0 |a 305.895922044 
245 1 4 |a Les Jeunes Vietnamiens de la deuxieme generation :  |b la semi-rupture au quotidien /  |c Ouvrage collectif coordonne par Le Hu'u Khoa ; Preface de Trinh Van Thao ; avec les temoignages de Ly Thong...[et al.] 
260 |a Paris :   |b C.I.E.M.I.,   |b L'Harmattan,   |c c1987 
300 |a 92 σ.;  |c 22 cm 
490 1 |a Migrations et changements  |v ; 14  |x 0762-0721 
504 |a Bibliography: p. 91-92 
650 0 0 |a Vietnamese  |z France  |x Social conditions. 
650 0 0 |a Children of immigrants  |z France  |x Attitudes. 
650 0 0 |a Vietnamese  |z France  |x Ethnic identity. 
700 1 |a Le, Huu Khoa. 
700 1 |a Ly, Thong. 
830 0 |a Migrations et changements ;  |v ; 14  |x 0762-0721 
852 |a INST  |b LESVOS  |e 19931101  |h 305.895922044 JEU  |p 005100002636  |q 005100002636  |t BK  |y 0 
909 |a Λ  |b 015240